Supernatural - Castiel - Statistics

General Stats
  • This quiz has been taken 193 times
  • The average score is 6 of 10
Answer Stats
Hint Answer % Correct
First season he appears in 4
97%
Vessel name Jimmy Novak
91%
Actor who plays Castiel Misha Collins
91%
Daughter Claire Novak
79%
Species other than angel Human
72%
"It's funnier in __________" Enochian
62%
Name of the first episode Castiel appeared in Lazarus Rising
49%
Wife of vessel Amelia Novak
30%
His Wife as Emmanuel Daphne Allen
13%
Seraph
13%
No matching quizzes found
Score Distribution
Percent of People with Each Score
Percentile by Number Answered
Your Score History
You have not taken this quiz